01029nas a22002177a 450000500170000000800410001704000130005824500350007126001190010630000120022531000140023736200610025150001170031250000830042965000670051265100440057971000620062394200160068599900130070195200970071420260603151257.0260603b20132014por ||j||||||f00| z por d cBR-ViAPE aUniversidade - Revista da UFES aVitóriabSuperintendência de Cultura e Comunicação da Universidade Federal d o Espírito Santoc2013-2014 av.bil. aIrregular aAno 1, n. 1 (jan. abr. 2013) - ano 2, n. 3 (fev. 2014).  aDisponibilizada apenas a imagem da capa na versão digital, em virtude de restrições de direitos autorais.  aColeção incompleta: disponíveis apenas alguns números do periódico.  aJornalismo CientíficoxCulturaxVariedadeszEspírito Santo aEspírito Santo (Brasil)vPeriódicos aUniversidade Federal do Estado do Espírito Santo - UFES 2ddccPERn1 c774d774 00102ddc4070aHDIG.APEESbHDIG.APEESd2026-06-03l0r2026-06-03 15:13:00w2026-06-03yPER